Prefactibilidad técnica para la instalación de una planta para la producción de carbón activado a partir de bagazo

Shranjeno v:
Bibliografske podrobnosti
Glavni avtor: Rubí Espinoza, Rosaura
Format: Knjiga
Izdano: [San José, Costa Rica] 2007
Teme:
Oznake: Označite
Brez oznak, prvi označite!

MARC

LEADER 00000nam a2200000Ia 4500
003 009895
005 20221231144109.0
008 140114s2007 cr a 000 ||s d
040 |c cru CEDI  
090 |a TFG 5423 
100 |a Rubí Espinoza, Rosaura   |9 4928 
245 |a Prefactibilidad técnica para la instalación de una planta para la producción de carbón activado a partir de bagazo  
260 |c 2007  |b [San José, Costa Rica] 
300 |a x, 154 hojas; ilustraciones 
500 |a Proyecto de graduación (licenciatura en ingeniería química)--Universidad de Costa Rica. Facultad de Ingeniería. Ecuela de Ingeniería Química 
650 |x CARBON ACTIVADO   |x PRODUCCION  |x BAGAZO DE CAÑA  |x  PRODUCTOS DERIVADOS  |x  INVESTIGACIONES   |9 4929 
942 |c TFG 
999 |c 16852  |d 16852